| 000 | 00566nam a2200181Ia 4500 | ||
|---|---|---|---|
| 003 | GCL | ||
| 008 | 140319s9999 xx 000 0 ara d | ||
| 040 |
_aGCL / _cGCL |
||
| 082 | 0 | 4 |
_a953.02 _bا ت |
| 100 | 1 | _aابوزيد شلبى | |
| 245 | 1 | 0 |
_aتاريخ خالد بن الوليد البطل الفاتح (الطبعة الاولى) / _cابوزيد شلبى |
| 300 | _a211 ص | ||
| 490 |
_aكتاب _v0 |
||
| 650 | 0 | 4 | _aالفتوحات الاسلامية |
| 650 | 0 | 4 | _aالاسلام - تراجم |
| 650 | 0 | 4 | _aخالد بن الوليد |
| 942 |
_2ddc _cBK |
||
| 999 |
_c43279 _d43279 |
||